Mấy suy nghĩ về nền văn học các dân tộc thiểu số ở Việt Nam
Guardat en:
| Format: | Llibre |
|---|---|
| Idioma: | Vietnamese |
| Publicat: |
Việt Bắc
Nxb. Việt Bắc
1967
|
| Etiquetes: |
Afegir etiqueta
Sense etiquetes, Sigues el primer a etiquetar aquest registre!
|
| Thư viện lưu trữ: | Mạng thư viện Đại học Đà Nẵng |
|---|
| LEADER | 00952nam a2200253 4500 | ||
|---|---|---|---|
| 001 | 000014497 | ||
| 003 | 10863 | ||
| 005 | 20120504150558.0 | ||
| 008 | 120504s1967 viesd | ||
| 041 | 0 | |a vie | |
| 082 | |a 895.9221 |b Mây | ||
| 245 | 0 | |a Mấy suy nghĩ về nền văn học các dân tộc thiểu số ở Việt Nam |c Hoàng Như Mai; Nông Quốc Chấn; Phúc Tước; Trang Nghi; Khải Vinh; Vũ Duy | |
| 260 | |a Việt Bắc |b Nxb. Việt Bắc |c 1967 | ||
| 300 | |a 158 tr. |c 21cm | ||
| OWN | |a LSP | ||
| AVA | |a UDN50 |b LSP |d 895.9221 Mây |e available |t Error 5001 Not defined in file expand_doc_bib_avail. |f 1 |g 0 |h N |i 0 |k 1 | ||
| 999 | |a From the UDN01 | ||
| AVA | |a UDN50 |b LSP |d 895.9221 Mây |e available |t Error 5001 Not defined in file expand_doc_bib_avail. |f 1 |g 0 |h N |i 0 |k 1 | ||
| TYP | |a Monograph | ||
| TYP | |a Printed language | ||
| 980 | |a Mạng thư viện Đại học Đà Nẵng | ||